Alters & Schiff essential concepts for healthy living. / (Record no. 10202)

MARC details
000 -LEADER
fixed length control field 01742cam a2200373 i 4500
001 - CONTROL NUMBER
control field 18605563
003 - CONTROL NUMBER IDENTIFIER
control field OSt
005 - DATE AND TIME OF LATEST TRANSACTION
control field 20231109150308.0
008 - FIXED-LENGTH DATA ELEMENTS--GENERAL INFORMATION
fixed length control field 150506s2016 maua 001 0 eng
010 ## - LIBRARY OF CONGRESS CONTROL NUMBER
LC control number 2015288078
020 ## - INTERNATIONAL STANDARD BOOK NUMBER
International Standard Book Number 9781284049978 (pbk)
040 ## - CATALOGING SOURCE
Original cataloging agency DLC
Language of cataloging eng
Transcribing agency LC
Description conventions rda
042 ## - AUTHENTICATION CODE
Authentication code pcc
050 00 - LIBRARY OF CONGRESS CALL NUMBER
Classification number RA776.5.A59
082 00 - DEWEY DECIMAL CLASSIFICATION NUMBER
Classification number 613
Edition number 23
100 1# - MAIN ENTRY--PERSONAL NAME
Personal name Housman, Jeff.
9 (RLIN) 2776
240 10 - UNIFORM TITLE
Uniform title Essential concepts for healthy living
245 10 - TITLE STATEMENT
Title Alters & Schiff essential concepts for healthy living. /
Statement of responsibility, etc. Jeff Housman, Mary Odum.
246 30 - VARYING FORM OF TITLE
Title proper/short title Essential concepts for healthy living
250 ## - EDITION STATEMENT
Edition statement 7th ed.
264 #1 - PRODUCTION, PUBLICATION, DISTRIBUTION, MANUFACTURE, AND COPYRIGHT NOTICE
Place of production, publication, distribution, manufacture Burlington, MA:
Name of producer, publisher, distributor, manufacturer Jones and Bartlett Learning,
Date of production, publication, distribution, manufacture, or copyright notice 2016.
300 ## - PHYSICAL DESCRIPTION
Extent xxiii, 717 p. :
Other physical details color illustrations ;
Dimensions 28 cm
336 ## - CONTENT TYPE
Content type term text
Content type code txt
Source rdacontent
337 ## - MEDIA TYPE
Media type term unmediated
Media type code n
Source rdamedia
338 ## - CARRIER TYPE
Carrier type term volume
Carrier type code nc
Source rdacarrier
500 ## - GENERAL NOTE
General note Revision of: Essential concepts for healthy living / Sandra Alters, Wendy Schiff. 2013. 6th ed.
504 ## - BIBLIOGRAPHY, ETC. NOTE
Bibliography, etc. note Includes bibliographical references and index.
505 2# - FORMATTED CONTENTS NOTE
Formatted contents note Contents: Health: the foundation for life -- Psychological health --Stress and its management -- Violence and abuse -- Reproductive health -- Romantic relationships and sexuality -- Drug use and abuse -- Alcohol and tobacco -- Nutrition -- Body weight and its management -- Physical fitness -- Cardiovascular health -- Cancer -- Infection, immunity, and noninfectious disease -- Aging, dying, and death -- Environmental health --
650 #0 - SUBJECT ADDED ENTRY--TOPICAL TERM
Topical term or geographic name entry element Health.
9 (RLIN) 2777
700 1# - ADDED ENTRY--PERSONAL NAME
Personal name Odum, Mary.
9 (RLIN) 2778
906 ## - LOCAL DATA ELEMENT F, LDF (RLIN)
a 7
b cbc
c origres
d 1
e ncip
f 20
g y-gencatlg
942 ## - ADDED ENTRY ELEMENTS (KOHA)
Source of classification or shelving scheme Library of Congress Classification
Koha item type Books
Holdings
Withdrawn status Lost status Source of classification or shelving scheme Damaged status Not for loan Home library Current library Shelving location Date acquired Total Checkouts Full call number Barcode Date last seen Copy number Price effective from Koha item type
    Library of Congress Classification     WISCONSIN INTERNATIONAL UNIVERSITY COLLEGE, GHANA KUMASI LIBRARY WISCONSIN INTERNATIONAL UNIVERSITY COLLEGE, GHANA KUMASI LIBRARY nursing 09/02/2023   RA776.5.A59(7e) KSN/1118/065/23 09/11/2023 1 09/11/2023 Books
    Library of Congress Classification     WISCONSIN INTERNATIONAL UNIVERSITY COLLEGE, GHANA KUMASI LIBRARY WISCONSIN INTERNATIONAL UNIVERSITY COLLEGE, GHANA KUMASI LIBRARY nursing 09/02/2023   RA776.5.A591(7e) KSN/1119/066/23 09/11/2023 2 09/11/2023 Books

If you have any concerns or questions; kindly contact the library


© Powered by WIUC ICT DIRECTORATE